[Event "Titled Tuesday intern op 21st Dec"]
[Site "Chess.com INT"]
[Date "2021.12.21"]
[Round "3"]
[White "Vlassov, Nikolai"]
[Black "Shapiro, Daniel E"]
[Result "1-0"]
[WhiteElo "2294"]
[BlackElo "2284"]
[PlyCount "81"]
[EventDate "2021.12.21"]
[EventType "swiss (blitz)"]
[EventRounds "11"]
[EventCountry "USA"]
[SourceTitle "CBM 205 Extra"]
[Source "ChessBase"]
[SourceDate "2022.01.31"]
[SourceVersion "1"]
[SourceVersionDate "2022.01.31"]
[SourceQuality "1"]

1. e4 Nh6 2. d4 d5 3. Bxh6 gxh6 4. exd5 Qxd5 5. Nc3 Qa5 6. Nf3 Bf5 7. Bc4 Nd7 8. O-O Bg7 9. Re1 O-O-O 10. Rxe7 Qb4 11. Rxf7 Qxc4 12. Rxf5 Rhg8 13. Ne4 Qe6 14. Ng3 Bf6 15. Qd3 Qb6 16. Rb5 Qa6 17. Rb3 Qd6 18. Qxh7 Rg7 19. Qxh6 Qd5 20. Qh5 Qc4 21. Qb5 Qxb5 22. Rxb5 Nb6 23. c3 c6 24. Rf5 Be7 25. Re1 Bd6 26. Rg5 Rf7 27. Nf5 Bf8 28. Ne5 Rf6 29. Ng4 Rf7 30. h4 Rd5 31. Nfh6 Rxg5 32. hxg5 Rg7 33. Re8+ Kd7 34. Rxf8 Rxg5 35. Rf7+ Kc8 36. f4 Rg6 37. f5 Rd6 38. f6 Nd5 39. Rf8+ Kd7 40. f7 Ne7 41. Rg8 1-0

[Event "Titled Tuesday intern op 21st Dec"]
[Site "Chess.com INT"]
[Date "2021.12.21"]
[Round "3"]
[White "Vovk, Orest"]
[Black "Okike, David"]
[Result "1-0"]
[WhiteElo "2315"]
[BlackElo "2167"]
[PlyCount "93"]
[EventDate "2021.12.21"]
[EventType "swiss (blitz)"]
[EventRounds "11"]
[EventCountry "USA"]
[SourceTitle "CBM 205 Extra"]
[Source "ChessBase"]
[SourceDate "2022.01.31"]
[SourceVersion "1"]
[SourceVersionDate "2022.01.31"]
[SourceQuality "1"]

1. h4 d5 2. h5 h6 3. e4 dxe4 4. Nc3 Nf6 5. Qe2 Bg4 6. Qb5+ Nbd7 7. Qxb7 Rb8 8. Qxa7 e5 9. a3 Bd6 10. Be2 O-O 11. Bxg4 Nxg4 12. Nxe4 Be7 13. d3 f5 14. Qa6 Rb6 15. Qc4+ Kh7 16. Nc3 Bc5 17. Nh3 Qh4 18. Ng5+ hxg5 19. Rxh4 Bxf2+ 20. Ke2 Bxh4 21. Qxc7 Rf7 22. Be3 Rbf6 23. Bg1 Nf8 24. Qc8 Ne6 25. Rf1 Nf4+ 26. Kd1 Nxh5 27. Nd5 Rd6 28. Rxf5 Nhf6 29. Nxf6+ Rdxf6 30. Rxf6 Nxf6 31. Qf5+ g6 32. Qe6 Kg7 33. Bh2 g4 34. Bxe5 Bg5 35. Qxg4 Kh6 36. Bxf6 Rxf6 37. Qh3+ Kg7 38. c3 Rf2 39. Qg3 Rd2+ 40. Ke1 Bh6 41. Qe5+ Kg8 42. Qe8+ Kg7 43. Qe7+ Kg8 44. Qf6 Rxb2 45. Qxg6+ Bg7 46. d4 Rb3 47. Qe6+ 1-0

[Event "Titled Tuesday intern op 21st Dec"]
[Site "Chess.com INT"]
[Date "2021.12.21"]
[Round "3"]
[White "Vypkhaniuk, Igor"]
[Black "Jain, Naveen"]
[Result "0-1"]
[WhiteElo "2426"]
[BlackElo "2032"]
[PlyCount "152"]
[EventDate "2021.12.21"]
[EventType "swiss (blitz)"]
[EventRounds "11"]
[EventCountry "USA"]
[SourceTitle "CBM 205 Extra"]
[Source "ChessBase"]
[SourceDate "2022.01.31"]
[SourceVersion "1"]
[SourceVersionDate "2022.01.31"]
[SourceQuality "1"]

1. d4 Nf6 2. Nf3 c5 3. d5 d6 4. Nc3 g6 5. e4 Bg7 6. Be2 O-O 7. O-O e6 8. Nd2 exd5 9. exd5 b6 10. a4 a6 11. Nc4 Bb7 12. Bf4 Ne8 13. Ne4 Nf6 14. Nxf6+ Qxf6 15. Bxd6 Re8 16. Bg3 Rd8 17. Bf3 b5 18. Na5 Ra7 19. Bc7 Rc8 20. d6 Bxf3 21. Qxf3 Qxf3 22. gxf3 Nd7 23. Nc6 Raxc7 24. dxc7 Rxc7 25. axb5 axb5 26. Ra8+ Bf8 27. Ne7+ Kg7 28. Nd5 Rb7 29. c3 c4 30. Re1 Bd6 31. Ree8 Ne5 32. Kg2 Nd3 33. Rg8+ Kh6 34. Ra2 Rd7 35. Nf6 Re7 36. Ne4 Nf4+ 37. Kf1 Bc7 38. Ra7 f5 39. Ng3 Rd7 40. Ke1 Re7+ 41. Kf1 Rd7 42. Ke1 Re7+ 43. Kd1 Nd3 44. Ne2 Rd7 45. Kc2 Ne1+ 46. Kb1 Rd1+ 47. Ka2 Bb6 48. Rb7 Bxf2 49. b3 Rd2+ 50. Ka3 Nd3 51. Rxb5 Rb2 52. bxc4 Rxe2 53. c5 Bxc5+ 54. Kb3 Nc1+ 55. Kc4 Be3 56. Re8 Rc2 57. Rxe3 Na2 58. Ra5 Nc1 59. Ra1 Ne2 60. Re1 Nf4 61. Re7 Nh5 62. Rd7 Rxh2 63. Rc7 Rf2 64. Ree7 Rxf3 65. Rxh7+ Kg5 66. Rhg7 Rf4+ 67. Kd5 Rg4 68. Rgf7 Kf4 69. c4 Rg3 70. c5 Rc3 71. Ke6 Kg5 72. c6 Nf4+ 73. Kd6 Rd3+ 74. Ke7 Nd5+ 75. Kd7 Nxc7+ 76. Kxc7 Rc3 0-1

[Event "Titled Tuesday intern op 21st Dec"]
[Site "Chess.com INT"]
[Date "2021.12.21"]
[Round "3"]
[White "Wagh, Suyog"]
[Black "Triapishko, Alexandr"]
[Result "1-0"]
[WhiteElo "2210"]
[BlackElo "2506"]
[PlyCount "113"]
[EventDate "2021.12.21"]
[EventType "swiss (blitz)"]
[EventRounds "11"]
[EventCountry "USA"]
[SourceTitle "CBM 205 Extra"]
[Source "ChessBase"]
[SourceDate "2022.01.31"]
[SourceVersion "1"]
[SourceVersionDate "2022.01.31"]
[SourceQuality "1"]

1. e4 c6 2. Nc3 d5 3. d4 dxe4 4. Nxe4 Nf6 5. Nxf6+ exf6 6. c3 Bd6 7. Bd3 O-O 8. Nf3 Re8+ 9. Be3 Bg4 10. O-O Nd7 11. Be2 f5 12. h3 Bh5 13. Re1 Bc7 14. Nh2 Bxe2 15. Rxe2 Nf6 16. Qd3 Ne4 17. Rae1 b5 18. Nf1 Qd5 19. b3 Re6 20. c4 bxc4 21. bxc4 Qd7 22. Bc1 h5 23. f3 Nc5 24. Qxf5 Rxe2 25. Qxd7 Rxg2+ 26. Kxg2 Nxd7 27. Re7 Rd8 28. Ba3 Bb6 29. d5 cxd5 30. cxd5 Nf6 31. d6 Nd5 32. Rb7 Nf4+ 33. Kg3 Ne2+ 34. Kh4 g6 35. Kg5 Kg7 36. Bb2+ Bd4 37. Bxd4+ Nxd4 38. d7 Ne6+ 39. Kh4 Nc5 40. Rxa7 Nxd7 41. Kg3 Ne5 42. Ra5 h4+ 43. Kf2 Nd3+ 44. Ke3 Nb4 45. Ra4 Nd5+ 46. Kf2 Nc3 47. Rxh4 Nxa2 48. Rc4 Rb8 49. Ne3 Nb4 50. Rc7 Nd3+ 51. Ke2 Nf4+ 52. Kf2 Nxh3+ 53. Kg3 Ng5 54. f4 Ne6 55. Ra7 Rb5 56. Kf3 Nd4+ 57. Ke4 1-0

[Event "Titled Tuesday intern op 21st Dec"]
[Site "Chess.com INT"]
[Date "2021.12.21"]
[Round "3"]
[White "Warmerdam, Max"]
[Black "Nestorovic, Nikola"]
[Result "1-0"]
[WhiteElo "2599"]
[BlackElo "2467"]
[PlyCount "63"]
[EventDate "2021.12.21"]
[EventType "swiss (blitz)"]
[EventRounds "11"]
[EventCountry "USA"]
[SourceTitle "CBM 205 Extra"]
[Source "ChessBase"]
[SourceDate "2022.01.31"]
[SourceVersion "1"]
[SourceVersionDate "2022.01.31"]
[SourceQuality "1"]

1. d4 Nf6 2. c4 e6 3. g3 d5 4. Bg2 Be7 5. Nf3 O-O 6. O-O dxc4 7. Qc2 b6 8. Bg5 Bb7 9. Bxf6 Bxf6 10. Ng5 Bxg5 11. Bxb7 Nd7 12. Bxa8 Qxa8 13. Qxc4 c5 14. Nc3 Bf6 15. dxc5 Nxc5 16. Rfd1 Rc8 17. Rac1 a6 18. b4 b5 19. Qf4 e5 20. Qf3 Qxf3 21. exf3 Ne6 22. Ne4 Ra8 23. Kg2 Be7 24. a3 f5 25. Rd7 Kf8 26. Nc5 Nd4 27. f4 Ke8 28. Rd5 Nc6 29. fxe5 a5 30. Ne6 Rc8 31. Nxg7+ Kf7 32. Nxf5 1-0

[Event "Titled Tuesday intern op 21st Dec"]
[Site "Chess.com INT"]
[Date "2021.12.21"]
[Round "3"]
[White "Weishaeutel, Moritz"]
[Black "Nikulina, Alena"]
[Result "1-0"]
[WhiteElo "2371"]
[BlackElo "1923"]
[PlyCount "51"]
[EventDate "2021.12.21"]
[EventType "swiss (blitz)"]
[EventRounds "11"]
[EventCountry "USA"]
[SourceTitle "CBM 205 Extra"]
[Source "ChessBase"]
[SourceDate "2022.01.31"]
[SourceVersion "1"]
[SourceVersionDate "2022.01.31"]
[SourceQuality "1"]

1. e4 c5 2. b4 cxb4 3. a3 e5 4. Nf3 Nc6 5. Bb2 d6 6. axb4 Nxb4 7. d4 exd4 8. Nxd4 Nf6 9. Nd2 Be7 10. Bc4 O-O 11. O-O Nxe4 12. Bxf7+ Rxf7 13. Nxe4 d5 14. Ng3 Bf6 15. Rb1 a5 16. Re1 Bd7 17. Nh5 a4 18. Ne6 Bxe6 19. Bxf6 Qb6 20. Bd4 Qd6 21. Bxg7 Rxg7 22. Nxg7 Kxg7 23. Qd4+ Kg8 24. Rxb4 a3 25. Rxb7 a2 26. Qg7# 1-0

[Event "Titled Tuesday intern op 21st Dec"]
[Site "Chess.com INT"]
[Date "2021.12.21"]
[Round "3"]
[White "Wieczorek, Zbigniew"]
[Black "Avazkhonov, Alikhon"]
[Result "1-0"]
[WhiteElo "2155"]
[BlackElo "1538"]
[PlyCount "79"]
[EventDate "2021.12.21"]
[EventType "swiss (blitz)"]
[EventRounds "11"]
[EventCountry "USA"]
[SourceTitle "CBM 205 Extra"]
[Source "ChessBase"]
[SourceDate "2022.01.31"]
[SourceVersion "1"]
[SourceVersionDate "2022.01.31"]
[SourceQuality "1"]

1. Nf3 Nf6 2. g3 g6 3. Bg2 Bg7 4. O-O O-O 5. c4 d6 6. Nc3 Nbd7 7. d4 e5 8. d5 a5 9. e4 Nc5 10. Ne1 Ne8 11. Nd3 Nxd3 12. Qxd3 f5 13. f3 f4 14. g4 h5 15. gxh5 gxh5 16. Kh1 Kh7 17. Rg1 Rg8 18. Qf1 Bh6 19. Bd2 Qg5 20. Be1 h4 21. Bf2 Qh5 22. Qd3 Nf6 23. Nb5 Rg7 24. c5 dxc5 25. Bxc5 c6 26. Nd6 cxd5 27. exd5+ Kh8 28. Nxc8 Rxc8 29. Bb6 Rcg8 30. Bh3 Rxg1+ 31. Rxg1 Rxg1+ 32. Bxg1 Qg5 33. d6 e4 34. fxe4 f3 35. Qxf3 Bg7 36. d7 Ng8 37. Qf5 Qd8 38. Qh5+ Nh6 39. Be3 Kg8 40. Bxh6 1-0

[Event "Titled Tuesday intern op 21st Dec"]
[Site "Chess.com INT"]
[Date "2021.12.21"]
[Round "3"]
[White "Zarnicki, Pablo Adrian"]
[Black "Babazada, Khazar Araz"]
[Result "0-1"]
[WhiteElo "2514"]
[BlackElo "2429"]
[PlyCount "100"]
[EventDate "2021.12.21"]
[EventType "swiss (blitz)"]
[EventRounds "11"]
[EventCountry "USA"]
[SourceTitle "CBM 205 Extra"]
[Source "ChessBase"]
[SourceDate "2022.01.31"]
[SourceVersion "1"]
[SourceVersionDate "2022.01.31"]
[SourceQuality "1"]

1. e4 g6 2. d4 Bg7 3. Nc3 d6 4. Nf3 a6 5. a4 Nc6 6. d5 Nb4 7. h3 Nf6 8. Be2 O-O 9. O-O e5 10. a5 c6 11. Ra4 c5 12. Nd2 Bd7 13. Ra1 Bb5 14. Re1 b6 15. Nxb5 axb5 16. c3 Na6 17. Bxb5 bxa5 18. Nc4 Nc7 19. Bc6 Rb8 20. Nxa5 Nh5 21. Ba4 Qh4 22. Nc6 Ra8 23. Qg4 Qxg4 24. hxg4 Nf4 25. Bxf4 exf4 26. Bb3 Bf6 27. Bc4 Kg7 28. g3 fxg3 29. f4 h5 30. e5 dxe5 31. fxe5 Bg5 32. gxh5 gxh5 33. Rxa8 Rxa8 34. d6 Ne6 35. Bxe6 fxe6 36. d7 h4 37. Kg2 Rf8 38. Re2 Kg6 39. b4 Kh5 40. Kh3 cxb4 41. cxb4 Rf1 42. Kg2 Rd1 43. b5 Kg4 44. Re4+ Kf5 45. Rd4 Rxd4 46. Nxd4+ Kg4 47. Nxe6 h3+ 48. Kf1 g2+ 49. Kf2 Bh4+ 50. Ke2 g1=Q 0-1

[Event "Titled Tuesday intern op 21st Dec"]
[Site "Chess.com INT"]
[Date "2021.12.21"]
[Round "3"]
[White "Zherebtsova, Alexandra"]
[Black "Castillo Pena, Patricia Evarista"]
[Result "1-0"]
[WhiteElo "2182"]
[BlackElo "1838"]
[PlyCount "81"]
[EventDate "2021.12.21"]
[EventType "swiss (blitz)"]
[EventRounds "11"]
[EventCountry "USA"]
[SourceTitle "CBM 205 Extra"]
[Source "ChessBase"]
[SourceDate "2022.01.31"]
[SourceVersion "1"]
[SourceVersionDate "2022.01.31"]
[SourceQuality "1"]

1. d4 d5 2. Nf3 Nf6 3. c4 c6 4. e3 e6 5. Nbd2 Nbd7 6. b3 Bd6 7. Bb2 O-O 8. Bd3 b6 9. Ne5 Bb7 10. f4 c5 11. O-O Qe7 12. Qe2 cxd4 13. exd4 Rfe8 14. Rac1 Rac8 15. Bb1 Ba3 16. Bxa3 Qxa3 17. Qd3 g6 18. Qe2 Qd6 19. Ndf3 dxc4 20. bxc4 Nf8 21. Rfd1 Red8 22. Ng5 Rc7 23. c5 bxc5 24. dxc5 Qe7 25. Rxd8 Qxd8 26. c6 Ba8 27. Kh1 Qb8 28. Qc4 h6 29. Ngxf7 Rxf7 30. Nxf7 Kxf7 31. c7 Qc8 32. f5 Bd5 33. fxe6+ Bxe6 34. Qc5 N8d7 35. Qxa7 h5 36. a4 Ng4 37. h3 Nf2+ 38. Qxf2+ Kg7 39. Qf4 Nf6 40. Qd4 Kf7 41. Qd8 1-0

[Event "Titled Tuesday intern op 21st Dec"]
[Site "Chess.com INT"]
[Date "2021.12.21"]
[Round "3"]
[White "Zubkov, Vsevolod"]
[Black "Khegay, Dmitriy"]
[Result "0-1"]
[WhiteElo "2261"]
[BlackElo "2527"]
[PlyCount "122"]
[EventDate "2021.12.21"]
[EventType "swiss (blitz)"]
[EventRounds "11"]
[EventCountry "USA"]
[SourceTitle "CBM 205 Extra"]
[Source "ChessBase"]
[SourceDate "2022.01.31"]
[SourceVersion "1"]
[SourceVersionDate "2022.01.31"]
[SourceQuality "1"]

1. d4 Nc6 2. Nf3 d6 3. c4 e5 4. dxe5 Nxe5 5. Nxe5 dxe5 6. Qxd8+ Kxd8 7. Nc3 Be6 8. e4 c6 9. Be3 Kc7 10. O-O-O f6 11. Be2 Nh6 12. h3 Nf7 13. Kc2 Be7 14. a3 Rad8 15. b4 Nd6 16. Bxa7 Ra8 17. Bc5 Rxa3 18. Kb2 Rha8 19. b5 Rxc3 20. Bxd6+ Bxd6 21. Kxc3 Bc5 22. f3 Ra2 23. Rhe1 Bf2 24. Ra1 Bxe1+ 25. Rxe1 cxb5 26. cxb5 Kb6 27. Bf1 Kc5 28. Rd1 Rf2 29. Rc1 g5 30. Kd3+ Kb6 31. Ke3 Rb2 32. Rd1 Kc7 33. Rc1+ Kd6 34. Rd1+ Ke7 35. Rc1 Kd8 36. Rd1+ Bd7 37. Rd6 Ke7 38. Rd5 h5 39. Be2 h4 40. Rc5 Kd8 41. Rd5 Kc7 42. Rc5+ Kb6 43. Rd5 Bxb5 44. Bxb5 Rxb5 45. Rd6+ Kc5 46. Rxf6 Rb2 47. Rf5 Rxg2 48. Rxe5+ Kd6 49. Rb5 Kc6 50. Rf5 b5 51. e5 b4 52. Kd4 b3 53. Rf6+ Kd7 54. Rb6 b2 55. e6+ Ke7 56. Ke5 Rf2 57. Rb7+ Kd8 58. Kd6 Rd2+ 59. Ke5 Kc8 60. Rb3 Rd3 61. Rc3+ Rxc3 0-1

[Event "Titled Tuesday intern op 21st Dec"]
[Site "Chess.com INT"]
[Date "2021.12.21"]
[Round "4"]
[White "Adury, Anant"]
[Black "Shkapenko, Pavel"]
[Result "1/2-1/2"]
[WhiteElo "1855"]
[BlackElo "2424"]
[PlyCount "220"]
[EventDate "2021.12.21"]
[EventType "swiss (blitz)"]
[EventRounds "11"]
[EventCountry "USA"]
[SourceTitle "CBM 205 Extra"]
[Source "ChessBase"]
[SourceDate "2022.01.31"]
[SourceVersion "1"]
[SourceVersionDate "2022.01.31"]
[SourceQuality "1"]

1. Nf3 e6 2. c4 d5 3. d4 g6 4. Nc3 Bg7 5. Bg5 Ne7 6. e3 Nbc6 7. cxd5 exd5 8. Bd3 h6 9. Bf4 O-O 10. a3 a6 11. Bc2 Be6 12. O-O Na5 13. Ne1 Nc4 14. b3 Nd6 15. Nd3 g5 16. Be5 f6 17. Bg3 Nef5 18. Nc5 Bc8 19. Bxd6 Qxd6 20. Nxb7 Qb6 21. Bxf5 Bxf5 22. Nxd5 Qe6 23. Nc3 Bg6 24. Nc5 Qf7 25. b4 f5 26. Qb3 Kh7 27. Qxf7 Rxf7 28. Nd5 f4 29. Rad1 c6 30. Nb6 Rd8 31. Nxa6 fxe3 32. fxe3 Ra7 33. Nc5 Rxa3 34. Ne6 Re8 35. Nxg7 Kxg7 36. d5 cxd5 37. Nxd5 Re5 38. Rd2 Bf7 39. Rfd1 Rb3 40. h3 h5 41. Rd4 Kh6 42. e4 Bg6 43. Re1 g4 44. Re3 Rxe3 45. Nxe3 gxh3 46. gxh3 Bxe4 47. h4 Kg7 48. Kf2 Kf6 49. Kg3 Bb7 50. Kf4 Ke6 51. Nc4 Re1 52. Rd6+ Ke7 53. Rd4 Ke6 54. Kg5 Bf3 55. Rf4 Bg4 56. Nd2 Re5+ 57. Kh6 Kd5 58. Kg7 Re2 59. Nb3 Re7+ 60. Kh6 Re6+ 61. Kg5 Re5+ 62. Kh6 Re6+ 63. Kg5 Re5+ 64. Kf6 Re6+ 65. Kg7 Re7+ 66. Kf8 Rb7 67. Nc5 Rb8+ 68. Ke7 Ke5 69. Re4+ Kd5 70. Rf4 Ke5 71. Re4+ Kd5 72. Re1 Rb5 73. Re4 Rb6 74. Rf4 Rb5 75. Kf6 Rb6+ 76. Kg5 Rb5 77. Nd3 Ke6+ 78. Kh6 Kd6 79. Nf2 Ke5 80. Rc4 Kd5 81. Rc5+ Rxc5 82. bxc5 Kxc5 83. Kg5 Be2 84. Ne4+ Kd5 85. Nf6+ Ke6 86. Ne4 Kf7 87. Nd2 Kg7 88. Nb1 Bg4 89. Nc3 Kh7 90. Nd5 Kg7 91. Nf6 Kh8 92. Kh6 Bf3 93. Nd7 Bg4 94. Ne5 Be2 95. Ng6+ Kg8 96. Kg5 Kg7 97. Nf4 Bg4 98. Nd5 Kh7 99. Ne3 Kg7 100. Kf4 Kh7 101. Kg3 Kg7 102. Ng2 Kh7 103. Ne1 Kg7 104. Nd3 Kh7 105. Nf2 Kg7 106. Ne4 Kh7 107. Nd6 Kg7 108. Nc4 Kh7 109. Ne5 Kg7 110. Nxg4 hxg4 1/2-1/2

[Event "Titled Tuesday intern op 21st Dec"]
[Site "Chess.com INT"]
[Date "2021.12.21"]
[Round "4"]
[White "Agasarov, Benik"]
[Black "Eynullayev, Altay Elshan"]
[Result "1-0"]
[WhiteElo "2205"]
[BlackElo "2223"]
[PlyCount "69"]
[EventDate "2021.12.21"]
[EventType "swiss (blitz)"]
[EventRounds "11"]
[EventCountry "USA"]
[SourceTitle "CBM 205 Extra"]
[Source "ChessBase"]
[SourceDate "2022.01.31"]
[SourceVersion "1"]
[SourceVersionDate "2022.01.31"]
[SourceQuality "1"]

1. e4 c5 2. Nf3 e6 3. d4 cxd4 4. Nxd4 Nc6 5. Nc3 Qc7 6. Be3 Nf6 7. f4 Bb4 8. Ndb5 Qa5 9. e5 Nd5 10. Bd2 Nxc3 11. bxc3 Be7 12. c4 Qd8 13. Bd3 O-O 14. Rb1 f6 15. Qh5 f5 16. Rb3 a6 17. Nd6 Nd4 18. Rc3 b5 19. c5 Bxd6 20. cxd6 Bb7 21. O-O Rc8 22. Rxc8 Qxc8 23. Be3 Qc3 24. Bxd4 Qxd4+ 25. Kh1 Bd5 26. Qg5 Bc6 27. h4 h6 28. Qg3 Kh8 29. Kh2 Qb2 30. Rg1 Qxa2 31. Qh3 Qd5 32. g4 fxg4 33. Qxg4 Rf7 34. Qg6 Kg8 35. Qh7+ 1-0

[Event "Titled Tuesday intern op 21st Dec"]
[Site "Chess.com INT"]
[Date "2021.12.21"]
[Round "4"]
[White "Anuj, Shrivatri"]
[Black "Kalajzic, Ivan"]
[Result "1-0"]
[WhiteElo "2350"]
[BlackElo "2108"]
[PlyCount "57"]
[EventDate "2021.12.21"]
[EventType "swiss (blitz)"]
[EventRounds "11"]
[EventCountry "USA"]
[SourceTitle "CBM 205 Extra"]
[Source "ChessBase"]
[SourceDate "2022.01.31"]
[SourceVersion "1"]
[SourceVersionDate "2022.01.31"]
[SourceQuality "1"]

1. Nf3 Nc6 2. d4 d6 3. e4 Bg4 4. d5 Ne5 5. Nxe5 Bxd1 6. Bb5+ c6 7. dxc6 Qa5+ 8. Nc3 a6 9. b4 Qxb5 10. Nxb5 axb5 11. cxb7 Rb8 12. Nc6 Rxb7 13. Kxd1 Nf6 14. f3 Kd7 15. Na5 Ra7 16. Be3 Ra8 17. a4 bxa4 18. Rxa4 e5 19. c4 Be7 20. Kc2 Rhb8 21. Rha1 Kc7 22. b5 Nd7 23. Nc6 Rxa4 24. Rxa4 Bd8 25. Ra7+ Kc8 26. Rxd7 Kxd7 27. Nxb8+ Ke6 28. b6 f5 29. b7 1-0

[Event "Titled Tuesday intern op 21st Dec"]
[Site "Chess.com INT"]
[Date "2021.12.21"]
[Round "4"]
[White "Arabidze, Meri"]
[Black "Van Osch, Mees"]
[Result "1-0"]
[WhiteElo "2413"]
[BlackElo "2364"]
[PlyCount "69"]
[EventDate "2021.12.21"]
[EventType "swiss (blitz)"]
[EventRounds "11"]
[EventCountry "USA"]
[SourceTitle "CBM 205 Extra"]
[Source "ChessBase"]
[SourceDate "2022.01.31"]
[SourceVersion "1"]
[SourceVersionDate "2022.01.31"]
[SourceQuality "1"]

1. Nf3 d5 2. g3 c5 3. Bg2 Nc6 4. d4 Nf6 5. O-O h6 6. c4 cxd4 7. Nxd4 e5 8. Nxc6 bxc6 9. Nc3 Bb7 10. cxd5 cxd5 11. Qa4+ Qd7 12. Qxd7+ Kxd7 13. Rd1 Ke6 14. b3 Bb4 15. Bb2 Rac8 16. Rac1 Rhd8 17. Bh3+ Ke7 18. Bxc8 Rxc8 19. Nb5 d4 20. Rxc8 Bxc8 21. Nxa7 Bd7 22. a4 Ne4 23. Rc1 Kd6 24. Rc4 Be1 25. f3 Nf6 26. Nb5+ Ke6 27. Nc7+ Kf5 28. Kf1 Bd2 29. g4+ Kg6 30. Bc1 Bxc1 31. Rxc1 h5 32. a5 hxg4 33. a6 gxf3 34. exf3 e4 35. a7 1-0

[Event "Titled Tuesday intern op 21st Dec"]
[Site "Chess.com INT"]
[Date "2021.12.21"]
[Round "4"]
[White "Ardila, Oscar Humberto"]
[Black "Ingebretsen, Jens E"]
[Result "0-1"]
[WhiteElo "1988"]
[BlackElo "2309"]
[PlyCount "64"]
[EventDate "2021.12.21"]
[EventType "swiss (blitz)"]
[EventRounds "11"]
[EventCountry "USA"]
[SourceTitle "CBM 205 Extra"]
[Source "ChessBase"]
[SourceDate "2022.01.31"]
[SourceVersion "1"]
[SourceVersionDate "2022.01.31"]
[SourceQuality "1"]

1. e4 c6 2. d3 d5 3. Nd2 Nf6 4. Ngf3 Nbd7 5. Be2 e5 6. O-O Bd6 7. c3 O-O 8. Qc2 Qc7 9. Re1 a5 10. a4 Nc5 11. b4 axb4 12. cxb4 Ne6 13. Ba3 Nf4 14. Bf1 Bg4 15. b5 Bxa3 16. Rxa3 Qd6 17. Rc3 d4 18. Rc4 Be6 19. Rc5 Rxa4 20. bxc6 Ra2 21. Qc1 bxc6 22. Rxc6 Qb8 23. Nc4 Bxc4 24. Qxc4 Qb2 25. Qxa2 Qxa2 26. Nxe5 Re8 27. Nf3 Ng4 28. Rec1 Qxf2+ 29. Kh1 Ne3 30. Rc8 Rf8 31. Rxf8+ Kxf8 32. Rc8+ Ke7 0-1

[Event "Titled Tuesday intern op 21st Dec"]
[Site "Chess.com INT"]
[Date "2021.12.21"]
[Round "4"]
[White "Avazkhonov, Alikhon"]
[Black "Rodrigues Mota, Romulo Cardoso S"]
[Result "0-1"]
[WhiteElo "1538"]
[BlackElo "2027"]
[PlyCount "50"]
[EventDate "2021.12.21"]
[EventType "swiss (blitz)"]
[EventRounds "11"]
[EventCountry "USA"]
[SourceTitle "CBM 205 Extra"]
[Source "ChessBase"]
[SourceDate "2022.01.31"]
[SourceVersion "1"]
[SourceVersionDate "2022.01.31"]
[SourceQuality "1"]

1. c4 c5 2. Nc3 g6 3. g3 Bg7 4. Bg2 e5 5. e4 Ne7 6. Nge2 O-O 7. O-O Nbc6 8. d3 Rb8 9. f4 f5 10. Be3 Nd4 11. Qd2 a6 12. Nd5 d6 13. fxe5 Bxe5 14. Nxd4 cxd4 15. Bg5 Rf7 16. Nxe7+ Rxe7 17. exf5 Bxf5 18. Bd5+ Kg7 19. g4 Bxg4 20. Bxe7 Qxe7 21. Rf7+ Qxf7 22. Bxf7 Kxf7 23. Rf1+ Kg8 24. Rf2 b5 25. Qa5 bxc4 0-1

[Event "Titled Tuesday intern op 21st Dec"]
[Site "Chess.com INT"]
[Date "2021.12.21"]
[Round "4"]
[White "Baldauf, Marco"]
[Black "Pourkashiyan, Atousa"]
[Result "1-0"]
[WhiteElo "2522"]
[BlackElo "2322"]
[PlyCount "111"]
[EventDate "2021.12.21"]
[EventType "swiss (blitz)"]
[EventRounds "11"]
[EventCountry "USA"]
[SourceTitle "CBM 205 Extra"]
[Source "ChessBase"]
[SourceDate "2022.01.31"]
[SourceVersion "1"]
[SourceVersionDate "2022.01.31"]
[SourceQuality "1"]

1. d4 Nf6 2. c4 e6 3. Nc3 Bb4 4. e3 O-O 5. Bd3 c5 6. Nf3 d5 7. O-O dxc4 8. Bxc4 Nbd7 9. Qe2 Qc7 10. Nb5 Qb8 11. a3 a6 12. axb4 axb5 13. Rxa8 Qxa8 14. Bxb5 cxb4 15. Bd2 Qa5 16. Qc4 Nb6 17. Qxb4 Qxb4 18. Bxb4 Rd8 19. Rc1 Bd7 20. Be2 Nbd5 21. Bd2 Ne4 22. Be1 f6 23. Bd3 Nd6 24. Bd2 Bb5 25. Bxb5 Nxb5 26. Kf1 Nd6 27. Ra1 Rc8 28. Ne1 Nc4 29. Bc1 Kf7 30. Ke2 Rc7 31. b3 Nd6 32. f3 Nb5 33. Bd2 Nbc3+ 34. Kf2 Nb5 35. Rc1 Rd7 36. Ke2 f5 37. Nd3 b6 38. Ne5+ Ke7 39. Nxd7 Kxd7 40. e4 fxe4 41. fxe4 Nf6 42. Kd3 Ng4 43. h3 Nf6 44. Bg5 h6 45. Bxf6 gxf6 46. g4 Nd6 47. Ra1 Kc6 48. Ra7 f5 49. Rh7 fxe4+ 50. Ke3 Kd5 51. Rxh6 Nb5 52. Rh5+ Kc6 53. Rxb5 Kxb5 54. Kxe4 Kb4 55. g5 Kxb3 56. g6 1-0

[Event "Titled Tuesday intern op 21st Dec"]
[Site "Chess.com INT"]
[Date "2021.12.21"]
[Round "4"]
[White "Bethke, Richard"]
[Black "Chandratreya, Prachiti"]
[Result "1-0"]
[WhiteElo "2327"]
[BlackElo "1998"]
[PlyCount "143"]
[EventDate "2021.12.21"]
[EventType "swiss (blitz)"]
[EventRounds "11"]
[EventCountry "USA"]
[SourceTitle "CBM 205 Extra"]
[Source "ChessBase"]
[SourceDate "2022.01.31"]
[SourceVersion "1"]
[SourceVersionDate "2022.01.31"]
[SourceQuality "1"]

1. e4 e6 2. d4 d5 3. Nd2 Nc6 4. Ngf3 Nf6 5. e5 Nd7 6. Bb5 Ncb8 7. Nb3 a6 8. Be2 c5 9. c3 Nc6 10. O-O cxd4 11. cxd4 f6 12. exf6 Nxf6 13. Bf4 Bd6 14. Bxd6 Qxd6 15. Nc5 O-O 16. Nd3 Ne4 17. Nde5 Bd7 18. Bd3 Be8 19. Rc1 Bh5 20. Nxc6 bxc6 21. Be2 c5 22. dxc5 Nxc5 23. Qd4 Ne4 24. Rfd1 Rab8 25. b3 Rb4 26. Qe3 Nf6 27. Nd4 Bxe2 28. Qxe2 e5 29. Nf5 Qe6 30. Ne3 e4 31. Rc7 Qe5 32. Ra7 d4 33. Nc4 Qc5 34. Rxa6 d3 35. Qe3 Qf5 36. Ra7 Ng4 37. Qd4 Nf6 38. h3 Qh5 39. Rd2 Qh6 40. Qe3 Qxe3 41. Nxe3 Rc8 42. Nf5 g6 43. Ne7+ Kf8 44. Nxc8 Nd5 45. Nd6 Nf4 46. Ra4 Ne2+ 47. Kf1 Rxa4 48. bxa4 Nc3 49. Nxe4 Nxe4 50. Rxd3 Nc5 51. Rd4 Ke7 52. a5 Na6 53. Ke2 Ke6 54. Kd3 Ke5 55. Kc4 g5 56. Rd5+ Ke6 57. Rxg5 Nc7 58. Rg7 Na6 59. Rxh7 Ke5 60. Rh5+ Ke4 61. Kb5 Nc7+ 62. Kb6 Na8+ 63. Kb7 Kd4 64. Kxa8 Kd3 65. a6 Ke2 66. a7 Kf1 67. Kb7 Kg1 68. a8=Q Kh1 69. Qg8 Kh2 70. Qg3+ Kh1 71. Rc5 Kg1 72. Rc1# 1-0

[Event "Titled Tuesday intern op 21st Dec"]
[Site "Chess.com INT"]
[Date "2021.12.21"]
[Round "4"]
[White "Broca Jimenez, Fernando"]
[Black "Martin, Lewis"]
[Result "0-1"]
[WhiteElo "2075"]
[BlackElo "2196"]
[PlyCount "59"]
[EventDate "2021.12.21"]
[EventType "swiss (blitz)"]
[EventRounds "11"]
[EventCountry "USA"]
[SourceTitle "CBM 205 Extra"]
[Source "ChessBase"]
[SourceDate "2022.01.31"]
[SourceVersion "1"]
[SourceVersionDate "2022.01.31"]
[SourceQuality "1"]

1. e4 c5 2. Nf3 d6 3. d4 cxd4 4. Nxd4 Nf6 5. Nc3 a6 6. Be3 e5 7. Nb3 Be7 8. Be2 O-O 9. Qd2 Be6 10. O-O-O Nbd7 11. f3 b5 12. g4 Nb6 13. g5 Nfd7 14. Nd5 Bxd5 15. exd5 Rc8 16. Na5 Nc5 17. Nc6 Qd7 18. h4 Rxc6 19. dxc6 Qxc6 20. Kb1 d5 21. h5 d4 22. Bf2 Nc4 23. Bxc4 bxc4 24. f4 c3 25. bxc3 Na4 26. Ka1 Nxc3 27. Bxd4 exd4 28. Qxd4 Nxd1 29. Rxd1 Qxc2 30. Qd3 0-1